| 000 | 00488nam a2200169Ia 4500 | ||
|---|---|---|---|
| 008 | 240729s9999 xx 000 0 und d | ||
| 022 | _a2460-1217 | ||
| 245 | 0 | _aJurnal Ilmiah SINERGI | |
| 260 | _aIndonesia | ||
| 260 | _bUniversitas Mercu Buana | ||
| 650 | _a Architecture | ||
| 650 | _a Engineering (General). Civil engineering (General) | Fine Arts | ||
| 650 | _aTechnology | ||
| 856 | _uhttps://doaj.org/toc/6b055205d7ab490ea6f7035acf32f8bb | ||
| 942 | _2ddc | ||
| 942 | _cDOAJEJ | ||
| 999 |
_c68930 _d68930 |
||
| 945 |
_a1 _bMadushi Gamage _c1 _dMadushi Gamage |
||